[Event "COL pre olympic sf3"]
[Site "Dosquebradas"]
[Date "2018.06.01"]
[Round "5"]
[White "Blanco, Santiago"]
[Black "Cupaban Bautista, Sergio Alejandro"]
[Result "0-1"]
[WhiteElo "1768"]
[BlackElo "1971"]
[PlyCount "41"]
[EventDate "2018.05.30"]
[EventType "swiss"]
[EventRounds "10"]
[EventCountry "COL"]
[SourceTitle "CBM 184 Extra"]
[Source "ChessBase"]
[SourceDate "2018.06.28"]
[SourceVersion "1"]
[SourceVersionDate "2018.06.28"]
[SourceQuality "1"]

1. e4 c5 2. c3 g6 3. d4 cxd4 4. cxd4 Bg7 5. Nf3 d6 6. Nc3 Nf6 7. Be2 0-0 8. 0-0 a6 9. Bg5 h6 10. Be3 Nc6 11. Nd2 Nd7 12. Nb3 b5 13. a3 Bb7 14. Qd2 Kh7 15. f4 Na5 16. Nxa5 Qxa5 17. f5 Nf6 18. fxg6+ fxg6 19. Bd3 e5 20. d5 Ng4 21. Kh1 0-1

[Event "COL-ch Amateur U2000"]
[Site "Bogota"]
[Date "2018.02.16"]
[Round "2.37"]
[White "Guerrero, Hernando"]
[Black "Blanco, Santiago"]
[Result "0-1"]
[WhiteElo "1902"]
[BlackElo "1740"]
[PlyCount "110"]
[EventDate "2018.02.15"]
[EventType "swiss"]
[EventRounds "7"]
[EventCountry "COL"]
[SourceTitle "EXT 2024"]
[Source "ChessBase"]
[SourceDate "2023.10.10"]
[SourceVersion "1"]
[SourceVersionDate "2023.10.10"]
[SourceQuality "1"]

1. e4 e6 2. d4 d5 3. Nc3 dxe4 4. Nxe4 Nf6 5. Nxf6+ Qxf6 6. Nf3 h6 7. b3 Bb4+ 8. Bd2 Bxd2+ 9. Qxd2 c5 10. c3 cxd4 11. Qxd4 Qxd4 12. Nxd4 Bd7 13. Nb5 Bxb5 14. Bxb5+ Ke7 15. Rd1 a6 16. Be2 Nd7 17. Bf3 Rab8 18. c4 b5 19. cxb5 Rxb5 20. 0-0 Rc5 21. Rd2 Ne5 22. Bb7 a5 23. f4 Rc7 24. Be4 Ng4 25. h3 Nf6 26. Bf3 Rhc8 27. Rfd1 Rc5 28. Kf2 R8c7 29. Ke2 Nh5 30. Bxh5 Rxh5 31. Rd4 g5 32. R1d2 Rh4 33. fxg5 Rxd4 34. Rxd4 hxg5 35. Kd2 f5 36. h4 gxh4 37. Rxh4 Kf6 38. Rh6+ Ke5 39. Rg6 Rc6 40. Kd3 Rd6+ 41. Kc4 Ke4 42. a3 Rd4+ 43. Kb5 Rd5+ 44. Kc6 e5 45. b4 axb4 46. axb4 Kd4 47. b5 Rc5+ 48. Kb6 e4 49. Rd6+ Rd5 50. Rc6 e3 51. Rc1 e2 52. Kc6 Ke4 53. Re1 Rd2 54. b6 Ke3 55. b7 Rb2 0-1

[Event "COL-ch Amateur U2000"]
[Site "Bogota"]
[Date "2017.03.04"]
[Round "5"]
[White "Blanco, Santiago"]
[Black "Benavides Moncayo, Olga"]
[Result "1-0"]
[WhiteElo "1708"]
[BlackElo "1891"]
[PlyCount "113"]
[EventDate "2017.03.02"]
[EventType "swiss"]
[EventRounds "7"]
[EventCountry "COL"]
[SourceTitle "CBM 177 Extra"]
[Source "ChessBase"]
[SourceDate "2017.04.27"]
[SourceVersion "1"]
[SourceVersionDate "2017.04.27"]
[SourceQuality "1"]

1. e4 c5 2. c3 d5 3. exd5 Qxd5 4. d4 Nc6 5. Nf3 Bg4 6. Be2 e6 7. 0-0 Nf6 8. Be3 cxd4 9. Nxd4 Bxe2 10. Qxe2 Be7 11. Nb5 Qd8 12. Rd1 Qb8 13. Nd2 0-0 14. Nb3 Nd5 15. Bc5 a6 16. Bxe7 Ncxe7 17. N5d4 Nf4 18. Qg4 h5 19. Qf3 Qe5 20. Nd2 Qg5 21. Ne4 Qh6 22. g3 Nfg6 23. h4 Ne5 24. Qe2 Ng4 25. Rd2 e5 26. Nf3 f5 27. Rd6 g6 28. Neg5 Nc6 29. Qc4+ Kh8 30. Nf7+ Rxf7 31. Qxf7 Qg7 32. Qxg6 Qxg6 33. Rxg6 Rd8 34. Nh2 Kh7 35. Rg5 Rd2 36. Nxg4 fxg4 37. Rxh5+ Kg6 38. Rg5+ Kf6 39. Rb1 Na5 40. Rxg4 b5 41. a4 Nc4 42. axb5 axb5 43. b3 Na3 44. Rc1 Nc2 45. c4 bxc4 46. bxc4 Kf5 47. Rg5+ Ke4 48. Kf1 Nd4 49. Re1+ Kd3 50. Rgxe5 Kxc4 51. Rc1+ Kb4 52. Re4 Kb5 53. Re8 Nc6 54. Rc8 Nb4 55. Rb8+ Ka4 56. Ra1+ Kb3 57. Rb1+ 1-0

[Event "Bogota University op 7th"]
[Site "Bogota"]
[Date "2013.10.11"]
[Round "3"]
[White "Molina, Rafael"]
[Black "Blanco, Santiago"]
[Result "1-0"]
[WhiteElo "1990"]
[BlackElo "1731"]
[PlyCount "52"]
[EventDate "2013.10.10"]
[EventType "swiss"]
[EventRounds "9"]
[EventCountry "COL"]
[SourceTitle "CBM 156 Extra"]
[Source "ChessBase"]
[SourceDate "2013.10.22"]
[SourceVersion "1"]
[SourceVersionDate "2013.10.22"]
[SourceQuality "1"]

1. e4 e6 2. d4 d5 3. Nd2 c5 4. c3 cxd4 5. cxd4 dxe4 6. Nxe4 Nf6 7. Nxf6+ Qxf6 8. Nf3 Nc6 9. Bb5 Bd7 10. 0-0 g6 11. d5 Ne5 12. Bxd7+ Nxd7 13. dxe6 fxe6 14. Re1 Bg7 15. Qd6 e5 16. Qd4 Qb6 17. Qxb6 axb6 18. Nxe5 Nxe5 19. Bf4 0-0 20. Bxe5 Bh6 21. Rad1 Rf5 22. Bc3 Raf8 23. f3 Bf4 24. Re7 R5f7 25. Re6 b5 26. a4 b4 1-0